00489nam a2200133Ia 4500008004100000100002700041245013300068245002700201260005900228260000900287650001800296650001500314856002600329170221s9999 xx 000 0 und d aFrancis Raymond Calbay aDeveloping Content for Migrants at Crossroads: Lessons Learned from Piloting an Online Community Portal for Overseas Filipinos  cFrancis Raymond Calbay bOnline Journal of Communication and Media Technologies c2016 xCommunication xMedia Arts uhttp://www.ojcmt.net/